Métodos estadísticos aplicados a la economía y a los negocios (Registro nro. 2928)
[ vista simple ]
| 000 -LEADER | |
|---|---|
| fixed length control field | 01778 a2200253 4500 |
| 001 - CONTROL NUMBER | |
| control field | 38848 |
| 005 - DATE AND TIME OF LATEST TRANSACTION | |
| control field | 20260407155649.0 |
| 008 - FIXED-LENGTH DATA ELEMENTS--GENERAL INFORMATION | |
| fixed length control field | 260407a1960 arg spa d |
| 003 - CONTROL NUMBER IDENTIFIER | |
| control field | AR-UNSa-BCEJYS |
| 040 ## - CATALOGING SOURCE | |
| Original cataloging agency | AR-UNSa-BCEJYS |
| Language of cataloging | spa |
| Transcribing agency | AR-UNSa-BCEJYS |
| 080 ## - UNIVERSAL DECIMAL CLASSIFICATION NUMBER | |
| Universal Decimal Classification number | 519.22 |
| Common auxiliary subdivision | Teoría estadística. Modelos estadísticos. Estadística matemática en general<br/> |
| 041 ## - LANGUAGE CODE | |
| Language code of text/sound track or separate title | spa |
| 100 1# - MAIN ENTRY--PERSONAL NAME | |
| Personal name | Mills, Frederick Cecil |
| 245 10 - TITLE STATEMENT | |
| Title | Métodos estadísticos aplicados a la economía y a los negocios |
| 250 ## - EDITION STATEMENT | |
| Edition statement | 6a. ed |
| 264 #1 - PRODUCTION, PUBLICATION, DISTRIBUTION, MANUFACTURE, AND COPYRIGHT NOTICE | |
| Place of production, publication, distribution, manufacture | Madrid : |
| Name of producer, publisher, distributor, manufacturer | Aguilar |
| Date of production, publication, distribution, manufacture, or copyright notice | 1960 |
| 300 ## - PHYSICAL DESCRIPTION | |
| Extent | xxiii, 744 p. |
| Dimensions | 21 cm. |
| 505 ## - FORMATTED CONTENTS NOTE | |
| Formatted contents note | 1. Los métodfos estadísticos y los problemas económicos y comerciales - 2. Representación gráfica - 3. Elaboración de los datos estadísticos - 4. Estudio de la distribución de fecuencias : Promedios - 5. Estudio de la distribución de frecuencia-Medidas de disperción y asimetria - 6. Números índices de precios - 7. Análisis de las series cronólogicas - 8. Análisis de las series cronólogicas (conclusión) - 9. Números índices de producción - 10. Medida de la relación.Correlación rectilínea - 11. Medida en la relación entre series cronólogicas - 12. Medida de la relación.Correlación curvilínea - 13. Probalilidades elemetales y la curva normal de error - 14. La inducción estdística y el problema de la selección de muestras - 15. Análisis de la "variance" - 16. Medida de la relación. Correlación múltiple y parcial - 17. La medida de la relación y el problema de la estimación - 18. La inducción estadística y el problema de la selección de muestras (conclusión). |
| 590 ## - LOCAL NOTE (RLIN) | |
| Local note | niveau_biblio:m niveau_hierar:0 |
| 700 1# - ADDED ENTRY--PERSONAL NAME | |
| Personal name | Ruiz Magan, Juan |
| 700 1# - ADDED ENTRY--PERSONAL NAME | |
| Personal name | Gastardi, Enrique |
| 700 1# - ADDED ENTRY--PERSONAL NAME | |
| Personal name | Ruiz Rubio, Juan Jose |
| 942 ## - ADDED ENTRY ELEMENTS (KOHA) | |
| Koha item type | |
| Withdrawn status | Lost status | Damaged status | Not for loan | Home library | Current library | Shelving location | Date acquired | Total checkouts | Full call number | Barcode | Date last seen | Price effective from | Koha item type |
|---|---|---|---|---|---|---|---|---|---|---|---|---|---|
| Biblioteca Prof. Eusebio Cleto del Rey | Biblioteca Prof. Eusebio Cleto del Rey | 07/04/2026 | 519.22 M657 6ed. | L21110 | 07/04/2026 | 07/04/2026 | Libro |